000 00393nam a2200145Ia 4500
008 210210b1975 xxu||||| |||| 00| 0 eng d
020 _a0 697 07535 4
082 _a301 BROB
100 _aBROWN COMPANY PUBLISHERS.
245 _aBiocultural interactions and human variation.
260 _aUSA
_bWM C Brown co. publishers
_c1975
300 _aix,70
690 _aSociology
906 _aSG02284
999 _c113623
_d113623